Estatísticas para Capitais Mundiais mais Próximas a Londres - 1 minute sprint

Clique aqui para jogar o quiz

Estatísticas Gerais

  • Esse quiz foi jogado 23 vezes
  • A pontuação média é 13 de 22

Estatísticas das Respostas

kmcapital% Correto
464Dublin
100%
933Berlim
94%
343Paris
94%
1434Roma
94%
1265Madrid
88%
358Amesterdão
71%
747Berna
71%
321Bruxelas
71%
1155Oslo
71%
1032Monaco
65%
490Luxemburgo
59%
1432Vaticano
59%
1236Viena
59%
1008Andorra-a-Velha
53%
957Copenhaga
53%
1260San Marino
53%
1435Estocolmo
41%
850Vaduz
35%
1035Praga
24%
1229Liubliana
18%
1339Zagreb
12%
1289Bratislava
0%

Distribuição das Pontuações

Percentil de Números Respondidos

Porcentagem de Pessoas com Cada Pontuação

Sua Pontuação Histórica

Você não jogou esse quiz